Statistiques concernant La Bible - Les 5 ministères

Cliquez ici pour prendre le quiz!

Statistiques générales

  • Ce quiz a été pris 10 fois
  • Le résultat moyen est 4 sur 5

Statistiques - réponses

OrdreNom du ministère% Correct
2Prophète
100%
4Pasteur
100%
3Evangéliste
86%
5Docteur
86%
1Apôtre
71%

Distribution des résultats

Percentile par nombre de réponses

% des personnes avec chaque résultat

Votre développement - résultats

Vous n’avez pas pris ce quiz